| 000 | 00624nac a22001691u 4500 | ||
|---|---|---|---|
| 008 | 080827s199 ua|r 0|r 00|r000 00| 0d | ||
| 020 | _a9771991388 | ||
| 082 |
_a133.9 _bج و ي _222 |
||
| 100 |
_aجويللو، آلان _916938 |
||
| 245 |
_aالى هؤلاء الذين يبحثون _cالان جى يو ؛ ترجمة حسن العسيلى |
||
| 246 | _aA l'adresse de ceux qui cherchent/ | ||
| 260 |
_a[القاهرة] _bدار صادق,1999 _c1999. |
||
| 300 |
_a142 ص ؛ _c24 سم. |
||
| 511 | _aCatalogued by: Sara | ||
| 541 | _aمكتبة الاسكندرية ؛ | ||
| 942 |
_cBB _k133.9 ج و ي _2ddc |
||
| 999 |
_c6657 _d6657 |
||